000 00471nam a2200181Ia 4500
003 GCL
008 140319s9999 xx 000 0 ara d
040 _aGCL /
_cGCL
082 0 4 _a813.008
_bل ع
100 1 _aلبيب مشرقى
245 1 0 _aعشر دقائق مع الاحداث /
_cلبيب مشرقى
300 _a404
490 _aكتاب
_v0
650 0 4 _aالادب العربى
650 0 4 _aالقصص
650 0 4 _aالمجموعات
942 _2ddc
_cBK
999 _c42749
_d42749